000 00376nam a2200145Ia 4500
008 150201s1997 xx 000 0 und d
082 _a617.69
_bF1997S
100 _aSHILLING BURG,HT
245 _aFUNDAMENTALS OF FIXED PROSTHODONTICS
250 _a3RD
260 _bQUINTESSENCE PUBLICATION
_aCHICAGO
_c1997
300 _a1-582
650 _aPROSTHODONTICS
942 _2ddc
_cBK
999 _c2877
_d2877